01292nam a22002657a 45000010005000000030006000050050017000110080041000280200017000690400029000860500014001150820008001291000017001372450033001542500043001872600038002303000043002684900031003115050008003425200586003505210020009365210020009566500020009767000030009965084FISKH20241105123109.0241105b cb ||||| |||| 00| 0 eng d a078073004997 aFISKHbengcFISKHdFISKH aPZ7.R5996 a823 aRodda, Emily aShadowgate /cby Emily Rodda aFirst American edition, September 2004 aNew York : bScholastic ;c2004.  a195 pages : billustrations ;c20 cm . aDragons of DeltoravBook 2 aS  aThe Four Sisters, evil creations of the Shadow Lord, are poisoning Deltora and starving its people. Lief, Barda, and Jasmine have found and destroyed the first of the Sisters. Now they must find the second, hidden within the mountains that border the Shadowlands. And they know that only the Dragon of the Emerald can help them. The Shadow Lord is now aware of their quest. Deep in the Shadowlands, he plots their destruction. Hidden enemies and trickery await as the companions travel towards the Sister of the North and its terrible guardian in the dread place called Shadowgate.8 a790 bLexile 8 aS bRaz-Plus  adragonvfiction aRowe, Kate eillustrator